000
00294nam a2200133Ia 4500
100
_a
Kelkar & Deo
650
_a
Draughtsman
942
_c
BK
654
_a
Drawing
245
_a
Gooded Exercises in Isometric Drawing
260
_b
Macmillon & co
_c
2001
082
_a
604.24
546
_a
ENGLISH
999
_c
20638
_d
20638